[Event "POL-ch U16 Girls"]
[Site "Sypniewo"]
[Date "2022.03.21"]
[Round "3"]
[White "Niedorys, Karolina"]
[Black "Staniewicz, Adrianna"]
[Result "1/2-1/2"]
[WhiteElo "1583"]
[BlackElo "1376"]
[PlyCount "80"]
[EventDate "2022.03.19"]
[EventType "swiss"]
[EventRounds "9"]
[EventCountry "POL"]
[SourceTitle "CBM 207 Extra"]
[Source "ChessBase"]
[SourceDate "2022.05.31"]
[SourceVersion "1"]
[SourceVersionDate "2022.05.31"]
[SourceQuality "1"]

1. e4 c5 2. Nf3 e6 3. d4 cxd4 4. Nxd4 a6 5. Nc3 Qc7 6. Be3 b5 7. Qd2 Bb4 8. f3 Bxc3 9. Qxc3 Qxc3+ 10. bxc3 Bb7 11. 0-0-0 Ne7 12. Nb3 d5 13. Na5 Bc6 14. e5 Nd7 15. Bd4 Rc8 16. Bd3 Ba8 17. a4 Nc6 18. Nxc6 Bxc6 19. a5 Bb7 20. Kb2 Ke7 21. Kb3 Nc5+ 22. Kb4 Nd7 23. f4 f5 24. Rhg1 g6 25. h3 Kf7 26. g4 Rhg8 27. Rg3 Rg7 28. gxf5 gxf5 29. Rxg7+ Kxg7 30. Rg1+ Kf7 31. Be2 Kf8 32. h4 Kf7 33. h5 Rg8 34. Rxg8 Kxg8 35. Bc5 Kf7 36. Bd6 Kg7 37. Bf3 Kf7 38. Bc5 Kg7 39. Be7 h6 40. Bd6 Kf7 1/2-1/2

[Event "POL-ch U16 Girls"]
[Site "Sypniewo"]
[Date "2022.03.20"]
[Round "2"]
[White "Staniewicz, Adrianna"]
[Black "Reszka, Barbara"]
[Result "1-0"]
[WhiteElo "1376"]
[BlackElo "1156"]
[PlyCount "75"]
[EventDate "2022.03.19"]
[EventType "swiss"]
[EventRounds "9"]
[EventCountry "POL"]
[SourceTitle "CBM 207 Extra"]
[Source "ChessBase"]
[SourceDate "2022.05.31"]
[SourceVersion "1"]
[SourceVersionDate "2022.05.31"]
[SourceQuality "1"]

1. e4 c5 2. Nf3 e6 3. d4 cxd4 4. Nxd4 a6 5. Bd3 Ne7 6. Nc3 Nbc6 7. Nde2 Ng6 8. a4 Bc5 9. 0-0 d6 10. Kh1 0-0 11. f4 Bd7 12. Qe1 Qc7 13. Qg3 Nge7 14. f5 Kh8 15. f6 Ng6 16. Bg5 Rfe8 17. fxg7+ Kg8 18. Bf6 Nce5 19. h4 Bb6 20. h5 Ne7 21. Qf4 Qc5 22. Bxe5 f5 23. Bxd6 Qc6 24. Bxe7 Rxe7 25. h6 Bc7 26. Qh4 Rf7 27. exf5 exf5 28. Bc4 Be6 29. Bxe6 Qxe6 30. Nd4 Qg6 31. Nf3 Bg3 32. Qg5 Qd6 33. Rad1 Qc7 34. Nd5 Qd6 35. Ne3 Qf4 36. Rd8+ Rxd8 37. Qxd8+ Rf8 38. Qxf8# 1-0

[Event "POL-ch U16 Girls"]
[Site "Sypniewo"]
[Date "2022.03.19"]
[Round "1"]
[White "Bukala, Weronika"]
[Black "Staniewicz, Adrianna"]
[Result "1-0"]
[WhiteElo "1801"]
[BlackElo "1376"]
[PlyCount "71"]
[EventDate "2022.03.19"]
[EventType "swiss"]
[EventRounds "9"]
[EventCountry "POL"]
[SourceTitle "CBM 207 Extra"]
[Source "ChessBase"]
[SourceDate "2022.05.31"]
[SourceVersion "1"]
[SourceVersionDate "2022.05.31"]
[SourceQuality "1"]

1. e4 c5 2. Nf3 e6 3. d4 cxd4 4. Nxd4 a6 5. Bd3 Nf6 6. 0-0 Qc7 7. Qe2 d6 8. f4 Nc6 9. Nf3 b5 10. a4 b4 11. Nbd2 Be7 12. Nc4 d5 13. exd5 Nxd5 14. Nfe5 Bc5+ 15. Kh1 Nd4 16. Qg4 g6 17. Bd2 Bb7 18. Rae1 h5 19. Qh3 0-0-0 20. c3 bxc3 21. bxc3 Nb3 22. Rb1 Nxd2 23. Nxd2 Ne3 24. Rf2 Ng4 25. Re2 Nf2+ 26. Rxf2 Bxf2 27. Ne4 Bxe4 28. Bxa6+ Bb7 29. Qf3 Rd2 30. Rxb7 Qd6 31. Rb6+ Kd8 32. Rxd6+ Rxd6 33. Qa8+ Ke7 34. Qb7+ Ke8 35. Bb5+ Kf8 36. Qxf7# 1-0

[Event "POL-ch U14 Girls"]
[Site "Uniejow"]
[Date "2021.07.19"]
[Round "1"]
[White "Staniewicz, Adrianna"]
[Black "Seemann, Pola"]
[Result "1/2-1/2"]
[WhiteElo "1301"]
[BlackElo "1607"]
[PlyCount "120"]
[EventDate "2021.07.18"]
[EventType "swiss"]
[EventRounds "9"]
[EventCountry "POL"]
[SourceTitle "EXT 2022"]
[Source "ChessBase"]
[SourceDate "2021.10.06"]
[SourceVersion "1"]
[SourceVersionDate "2021.10.06"]
[SourceQuality "1"]

1. e4 c5 2. Nf3 a6 3. d4 cxd4 4. Nxd4 Nf6 5. Bd3 e5 6. Nb3 Nc6 7. Nc3 h6 8. a3 Be7 9. 0-0 0-0 10. Kh1 d6 11. h3 Be6 12. Nd2 Qd7 13. Qf3 Nd4 14. Qe3 Nh5 15. Nf3 Nc6 16. Ne2 Kh8 17. g4 Nf6 18. Ng3 Nh7 19. Nf5 Bxf5 20. exf5 Ng5 21. h4 Nxf3 22. Qxf3 Nd4 23. Qg3 Qc6+ 24. f3 f6 25. c3 Nb3 26. Rb1 Nxc1 27. Rbxc1 d5 28. Qg2 Rfe8 29. Rfe1 Rac8 30. Kh2 Bd6 31. Kh3 b5 32. Qe2 Bb8 33. Qg2 Re7 34. Rc2 Rce8 35. Rce2 Qd6 36. Bc2 d4 37. cxd4 exd4 38. Rxe7 Rxe7 39. Rxe7 Qxe7 40. Bd3 Qe5 41. Qf2 Kg8 42. Qg1 Kf8 43. Qf2 Ke7 44. Qg1 Kd7 45. Qf2 Qf4 46. h5 Be5 47. Qg2 Kc7 48. b3 Kb6 49. a4 Qe3 50. Qf1 Qd2 51. Qe2 Qxe2 52. Bxe2 Kc5 53. Kg2 Kb4 54. axb5 axb5 55. Kf2 Kc5 56. Bd3 b4 57. Ke2 Bf4 58. Be4 Kd6 59. Kd3 Ke5 60. Kc4 Bd2 1/2-1/2

[Event "EU Union-ch U10"]
[Site "Kouty nad Desnou"]
[Date "2017.08.27"]
[Round "9"]
[White "Staniewicz, Adrianna"]
[Black "Lazniewska, Zofia"]
[Result "1/2-1/2"]
[WhiteElo "1046"]
[BlackElo "1237"]
[PlyCount "77"]
[EventDate "2017.08.19"]
[EventType "swiss"]
[EventRounds "9"]
[EventCountry "CZE"]
[SourceTitle "CBM 180 Extra"]
[Source "ChessBase"]
[SourceDate "2017.10.06"]
[SourceVersion "1"]
[SourceVersionDate "2017.10.06"]
[SourceQuality "1"]

1. e4 c5 2. Nc3 Nc6 3. f4 d6 4. Nf3 e5 5. d3 Be7 6. Nd5 Nf6 7. Nxe7 Qxe7 8. Qe2 Bg4 9. c3 Bd7 10. Bd2 h6 11. f5 d5 12. 0-0-0 0-0-0 13. h3 d4 14. c4 Nh5 15. Qf2 Nf6 16. g4 Nh7 17. Be1 Ng5 18. Nxg5 Qxg5+ 19. Qd2 Qxd2+ 20. Bxd2 f6 21. a3 Rde8 22. b4 b6 23. b5 Nd8 24. Bg2 Nb7 25. Kc2 Nd6 26. Kb3 Nb7 27. a4 Rhg8 28. Bf3 Kc7 29. h4 Rh8 30. h5 Reg8 31. Rhg1 Kd8 32. Ra1 Kc7 33. a5 Ra8 34. axb6+ axb6 35. Rxa8 Rxa8 36. Kb2 Nd6 37. Ra1 Rxa1 38. Kxa1 Nb7 39. Kb2 1/2-1/2

[Event "EU Union-ch U10"]
[Site "Kouty nad Desnou"]
[Date "2017.08.25"]
[Round "7"]
[White "Staniewicz, Adrianna"]
[Black "Kapicakova, Lucia"]
[Result "0-1"]
[WhiteElo "1046"]
[BlackElo "1644"]
[PlyCount "156"]
[EventDate "2017.08.19"]
[EventType "swiss"]
[EventRounds "9"]
[EventCountry "CZE"]
[SourceTitle "CBM 180 Extra"]
[Source "ChessBase"]
[SourceDate "2017.10.06"]
[SourceVersion "1"]
[SourceVersionDate "2017.10.06"]
[SourceQuality "1"]

1. e4 e5 2. Nf3 Nc6 3. Bc4 Bc5 4. c3 Nf6 5. d3 d6 6. Nbd2 a6 7. Bb3 Ba7 8. Nf1 0-0 9. h3 d5 10. Qe2 Qd6 11. g4 Be6 12. Ng3 dxe4 13. dxe4 Bxb3 14. axb3 Rad8 15. Bg5 Qe6 16. b4 Rd7 17. Bxf6 Qxf6 18. 0-0 h6 19. Nh5 Qe6 20. b5 Nb8 21. bxa6 Nxa6 22. Qb5 c6 23. Qxe5 Qxe5 24. Nxe5 Rd6 25. Nc4 Re6 26. Nd2 Rd8 27. Rad1 Red6 28. b4 Rxd2 29. Rb1 Nc7 30. c4 Bb6 31. c5 Ba7 32. Rfe1 Nb5 33. e5 Re8 34. Nf4 Bb8 35. Rb3 Nd4 36. Rc3 Kh7 37. Kg2 Rxe5 38. Rxe5 Bxe5 39. Nd3 Bf6 40. Ra3 Nb5 41. Rb3 Bc3 42. Nf4 Rb2 43. Rxb2 Bxb2 44. Nd3 Bc3 45. f4 Na3 46. Kf3 Kg6 47. Ke4 Kf6 48. h4 Nc2 49. g5+ hxg5 50. hxg5+ Kg6 51. Ne5+ Bxe5 52. Kxe5 Nxb4 53. Kd6 Nd5 54. Ke5 b6 55. cxb6 Nxb6 56. Kd6 Kf5 57. Kxc6 Kxf4 58. Kxb6 Kxg5 59. Kc5 Kf4 60. Kd4 g5 61. Kd3 Kf3 62. Kd2 Kf2 63. Kd3 f5 64. Kd4 Kf3 65. Ke5 f4 66. Kf5 g4 67. Kg5 g3 68. Kf5 g2 69. Ke5 g1Q 70. Kd5 Ke3 71. Ke5 f3 72. Kf5 f2 73. Ke5 f1Q 74. Kd5 Qg4 75. Ke5 Qff5+ 76. Kd6 Qgg6+ 77. Kc7 Qff7+ 78. Kd8 Qgg8# 0-1

[Event "EU Union-ch U10"]
[Site "Kouty nad Desnou"]
[Date "2017.08.24"]
[Round "6"]
[White "Janouskova, Adela"]
[Black "Staniewicz, Adrianna"]
[Result "0-1"]
[WhiteElo "1131"]
[BlackElo "1046"]
[PlyCount "146"]
[EventDate "2017.08.19"]
[EventType "swiss"]
[EventRounds "9"]
[EventCountry "CZE"]
[SourceTitle "CBM 180 Extra"]
[Source "ChessBase"]
[SourceDate "2017.10.06"]
[SourceVersion "1"]
[SourceVersionDate "2017.10.06"]
[SourceQuality "1"]

1. e4 c5 2. c3 d5 3. exd5 Qxd5 4. d4 Nf6 5. Nf3 Nc6 6. Be3 cxd4 7. cxd4 e6 8. Bd3 Bb4+ 9. Nc3 Qa5 10. Bd2 0-0 11. a3 Bxc3 12. Bxc3 Qd5 13. 0-0 b6 14. Re1 Bb7 15. Rc1 Rad8 16. Bc2 Qd6 17. Qd3 g6 18. Qe3 Qd5 19. Rcd1 Rfe8 20. Rd3 Ne7 21. Rdd1 Qh5 22. h3 Bxf3 23. Qxf3 Qxf3 24. gxf3 Ned5 25. Bd2 Re7 26. Bg5 Rc8 27. Bb3 Rec7 28. Re5 Kg7 29. Bxf6+ Nxf6 30. Kf1 Rc1 31. Rxc1 Rxc1+ 32. Ke2 Rb1 33. Kd3 Rxb2 34. Bc2 Ra2 35. a4 Ra3+ 36. Ke2 Nh5 37. Re4 Kf6 38. Re3 Nf4+ 39. Kd2 Rxe3 40. Kxe3 Nxh3 41. f4 h6 42. Kf3 g5 43. fxg5+ hxg5 44. Ke3 Nf4 45. Kd2 e5 46. dxe5+ Kxe5 47. Kc3 Ne2+ 48. Kc4 Nd4 49. Bd3 a6 50. Kc3 b5 51. axb5 axb5 52. Kb4 f5 53. Kc3 f4 54. Bf1 g4 55. Kd3 g3 56. fxg3 fxg3 57. Bg2 b4 58. Kd2 b3 59. Kc1 Kf4 60. Kb2 Ke3 61. Kc3 Kf2 62. Bh3 g2 63. Bxg2 Kxg2 64. Kb2 Kf3 65. Kc3 Ke3 66. Kb2 Kd2 67. Kb1 Kc3 68. Kc1 Ne2+ 69. Kb1 b2 70. Ka2 Kc2 71. Ka3 b1Q 72. Ka4 Nd4 73. Ka5 Qb5# 0-1

[Event "EU Union-ch U10"]
[Site "Kouty nad Desnou"]
[Date "2017.08.23"]
[Round "5"]
[White "Staniewicz, Adrianna"]
[Black "Szczotka, Klara"]
[Result "1/2-1/2"]
[WhiteElo "1046"]
[BlackElo "1315"]
[PlyCount "85"]
[EventDate "2017.08.19"]
[EventType "swiss"]
[EventRounds "9"]
[EventCountry "CZE"]
[SourceTitle "CBM 180 Extra"]
[Source "ChessBase"]
[SourceDate "2017.10.06"]
[SourceVersion "1"]
[SourceVersionDate "2017.10.06"]
[SourceQuality "1"]

1. e4 c5 2. Nf3 e6 3. d3 a6 4. Nbd2 Nc6 5. g3 d6 6. Bg2 Be7 7. 0-0 Qc7 8. Re1 e5 9. Nf1 Nf6 10. c3 h6 11. Ne3 Be6 12. a3 0-0 13. h4 a5 14. Nh2 Qd7 15. Qf3 Rfe8 16. Nf5 Bxf5 17. exf5 Rac8 18. Ng4 Nxg4 19. Qxg4 Kh8 20. Bh3 Bf6 21. Qh5 Qe7 22. Re4 Kh7 23. Rg4 Qf8 24. Bd2 Ne7 25. Ra4 Ra8 26. b4 axb4 27. axb4 Rxa4 28. Rxa4 Rb8 29. bxc5 dxc5 30. f4 Nd5 31. fxe5 Bxe5 32. c4 Nb6 33. Ra7 Bxg3 34. Qg4 Be5 35. Qe4 f6 36. Rxb7 Rxb7 37. Qxb7 Qd6 38. Qe4 Bd4+ 39. Kg2 Be5 40. Qg4 Qxd3 41. Qg6+ Kh8 42. Qe8+ Kh7 43. Qg6+ 1/2-1/2

[Event "EU Union-ch U10"]
[Site "Kouty nad Desnou"]
[Date "2017.08.22"]
[Round "4"]
[White "Oztuksavul, Ida"]
[Black "Staniewicz, Adrianna"]
[Result "1-0"]
[WhiteElo "1370"]
[BlackElo "1046"]
[PlyCount "135"]
[EventDate "2017.08.19"]
[EventType "swiss"]
[EventRounds "9"]
[EventCountry "CZE"]
[SourceTitle "CBM 180 Extra"]
[Source "ChessBase"]
[SourceDate "2017.10.06"]
[SourceVersion "1"]
[SourceVersionDate "2017.10.06"]
[SourceQuality "1"]

1. e4 c5 2. Nf3 e6 3. g3 a6 4. a4 Nc6 5. Bg2 Qc7 6. 0-0 Nf6 7. Nc3 b6 8. Re1 d6 9. d3 Bb7 10. Be3 Be7 11. Nd2 0-0 12. f4 Rfe8 13. Nf3 Nd7 14. Rf1 e5 15. Nd5 Qd8 16. f5 Nf6 17. Nxf6+ Bxf6 18. Qe1 Qe7 19. c3 Rad8 20. Nd2 b5 21. axb5 axb5 22. g4 Ra8 23. Qg3 Rxa1 24. Rxa1 Ra8 25. Rxa8+ Bxa8 26. g5 Bxg5 27. Qxg5 f6 28. Qh5 Qf7 29. Qxf7+ Kxf7 30. Kf2 g6 31. fxg6+ hxg6 32. Bh3 g5 33. Bf5 Ke7 34. Nf1 b4 35. Bg6 bxc3 36. bxc3 Na5 37. Ng3 Bc6 38. Nf5+ Ke6 39. Bh7 Bb5 40. c4 Ba4 41. Bg8+ Kd7 42. Bd2 Nb3 43. Ke1 Nd4 44. Nxd4 exd4 45. Bh7 Ke7 46. Ba5 Ke6 47. Bf5+ Ke5 48. Ke2 Be8 49. Be1 Bh5+ 50. Kf2 Kf4 51. Bd2+ Ke5 52. h3 Bd1 53. Bg4 Bc2 54. Ke2 Ba4 55. Be1 Kf4 56. Bf2 Bc2 57. Bg1 Kg3 58. Bf2+ Kf4 59. Bd7 Bb1 60. h4 g4 61. Bg3+ Kxg3 62. h5 Kh4 63. h6 g3 64. h7 g2 65. h8Q+ Kg3 66. Qh3+ Kf4 67. Qg4+ Ke5 68. Qg3# 1-0